Improving soil management for intensive cropping in the tropics and sub-tropics : (Record no. 74519)
[ view plain ]
| 000 -LEADER | |
|---|---|
| fixed length control field | 00877nam a2200241 a 4500 |
| 001 - CONTROL NUMBER | |
| control field | 74519 |
| 003 - CONTROL NUMBER IDENTIFIER | |
| rucl marc code | BD-RjUL |
| 005 - DATE AND TIME OF LATEST TRANSACTION | |
| control field | 20211209082550.0 |
| 008 - FIXED-LENGTH DATA ELEMENTS--GENERAL INFORMATION | |
| fixed length control field | 181011s1995 b a|||| b||| 00| 0 eng d |
| 020 ## - INTERNATIONAL STANDARD BOOK NUMBER | |
| International Standard Book Number | 9843000978 |
| 035 ## - SYSTEM CONTROL NUMBER | |
| System control number | (BD-RjUL)74737 |
| 040 ## - CATALOGING SOURCE | |
| Original cataloging agency | BD-RjUL |
| Language of cataloging | eng |
| Transcribing agency | BD-RjUL |
| 041 ## - LANGUAGE CODE | |
| Language code of text/sound track or separate title | eng |
| 082 ## - DEWEY DECIMAL CLASSIFICATION NUMBER | |
| Edition number | 23 |
| Classification number | 631.4 |
| Author mark and year | IMP 1995 |
| 245 ## - TITLE STATEMENT | |
| Title | Improving soil management for intensive cropping in the tropics and sub-tropics : |
| Remainder of title | proceedings of the enter-congress conference of commission IV , December 1-3 , 1992 /... |
| Statement of responsibility, etc. | edited by M. S. Hussain.---[et-all] |
| 260 ## - PUBLICATION, DISTRIBUTION, ETC. (IMPRINT) | |
| Place of publication, distribution, etc. | Bangladesh : |
| Name of publisher, distributor, etc. | Agricultural Research Council , |
| Date of publication, distribution, etc. | 1995 |
| 300 ## - PHYSICAL DESCRIPTION | |
| Pagination | ix, [477] pages : |
| Illustrations | ill. graphs, tables ; |
| Size | 25 cm. |
| 490 ## - SERIES STATEMENT | |
| Series statement | Soils publication / BARC, no ; 37 |
| 504 ## - BIBLIOGRAPHY, ETC. NOTE | |
| Bibliography, etc | Includes bibliographical Index |
| 650 ## - SUBJECT ADDED ENTRY--TOPICAL TERM | |
| Topical term or geographic name as entry element | Soils |
| 9 (RLIN) | 223665 |
| 700 ## - ADDED ENTRY--PERSONAL NAME | |
| Personal name | Hussain, M. S |
| 942 ## - ADDED ENTRY ELEMENTS (KOHA) | |
| Source of classification or shelving scheme | Dewey Decimal Classification |
| Koha item type | Books |
| Lost status | Source of classification or shelving scheme | Damaged status | Not for loan | Collection code | Permanent Location | Current Location | Shelving location | Date acquired | Source of acquisition | Total Checkouts | Full call number | Date last seen | Copy number | Koha item type |
|---|---|---|---|---|---|---|---|---|---|---|---|---|---|---|
| Dewey Decimal Classification | Not For Loan | Non-fiction | Central Library, University of Rajshahi | Central Library, University of Rajshahi | Reading Room | 09/08/1995 | Dhaka | 631.4 IMP 1995 | 11/10/2018 | C-1 | Books |